00689nam a2200253 a 4500001001300000003000900013005001700022008003800039020001000077082001500087100001800102245006600120260001300186300000800199500003500207505001000242650001900252650002100271700001800292902000800310942000700318952009500325999001500420nice12345678IN_TiNIC20260116011449.0050524s1933 a grp 000 0 eng  ac10000a297.4bWEN aWensinck, A J aOn the Relation Between Ghazali`s Cosmology and His Mysticism abc1933 a27p aincludes index and biblioraphy2 aIndex aSufism-Ghazali aSufism-Alghazali1 aWensinck, A J bSRS cBK 00104070aHMIbHMId2007-07-03g100.00l0o297.4 WENp01588r2007-07-03w2026-01-16yEB c1764d1764